000 00728nam a2200265Ia 4500
003 OSt
005 20221005084257.0
006 a|||||r|||| 00| 0
007 ta
008 221004b |||||||| |||| 00| 0 eng d
024 _a42286
037 _cTextual
040 _aCRL
_cCRL
_beng
041 _2eng
_aeng
082 _aV56M, K8
100 _aHynes Samuel
_913776
110 _aGift from Prof Amitava Banerjee, London
245 0 _aEdvardian turn of mind
260 _aNew Jersey
_bPrinceton University Press USA
_c1968
300 _a427p.
_ccm.
650 _aHISTORY
700 _aGift from Prof Amitava Banerjee, London
942 _hV56M, K8
_cTEXL
_2cc
999 _c992286
_d992286